000 00676nam a2200277Ia 4500
005 20260324153535.0
008 008 260324s9999 xx 000 0 eng d
020 _a9780123973160
037 _aEBOOK
040 _aCRL
040 _beng
040 _cCRL
041 _2eng
041 _aeng
084 _qCRL
100 _aArthur W. Toga
_91231676
245 0 _aBrain Mapping: An Encyclopedic Reference
250 _a1
260 _bElsevier
260 _c2015
650 _aNeuroscience and Psychology
856 _uhttps://www.sciencedirect.com/science/referenceworks/9780123973160
942 _cEBOOK
999 _c1843283
_d1843283